[Event "4NCL Division 3s"]
[Site "Daventry Court ENG"]
[Date "2015.02.14"]
[Round "5.145"]
[White "Gordon-Brown, Alexander J"]
[Black "Lambourne, Dan"]
[Result "1-0"]
[WhiteElo "2045"]
[BlackElo "2011"]
[PlyCount "93"]
[EventDate "2015.02.14"]
[WhiteTeam "Cambridge University 3"]
[BlackTeam "MK Phoenix 2"]

1. d4 Nf6 2. c4 e6 3. Nc3 d5 4. Nf3 Be7 5. Bf4 c6 6. e3 Nbd7 7. cxd5 exd5 8.
Bd3 h6 9. Rc1 Nh5 10. Nxd5 Nxf4 11. Nxf4 Qa5+ 12. Nd2 O-O 13. Bb1 Bb4 14. Nd3
Bxd2+ 15. Qxd2 Qxd2+ 16. Kxd2 Nf6 17. Nc5 Re8 18. f3 Nd5 19. e4 Ne7 20. Bc2 b6
21. Nd3 Be6 22. a3 Rad8 23. Ke3 f6 24. Ba4 b5 25. Nc5 Bf7 26. Bb3 Nf5+ 27. Kf2
Nxd4 28. Bxf7+ Kxf7 29. Nb7 Rd7 30. Na5 Ne6 31. Nxc6 Rd2+ 32. Kg3 Rxb2 33. Rhd1
h5 34. Rd7+ Kg6 35. h4 Kh6 36. Ne7 g6 37. Rc6 Kg7 38. Nd5+ Kf8 39. Nxf6 Re7 40.
Rdd6 Kf7 41. Nd5 Re8 42. Rd7+ Kf8 43. Rh7 g5 44. hxg5 Nxg5 45. Rh8+ Kf7 46.
Rf6+ Kg7 47. Rxe8 1-0

[Event "4NCL Division 3s"]
[Site "Daventry Court ENG"]
[Date "2015.02.14"]
[Round "5.146"]
[White "Adebajo, Olufemi"]
[Black "Gooding, Ian"]
[Result "1/2-1/2"]
[WhiteElo "1962"]
[BlackElo "2024"]
[PlyCount "86"]
[EventDate "2015.02.14"]
[WhiteTeam "MK Phoenix 2"]
[BlackTeam "Cambridge University 3"]

1. e4 e6 2. d4 d5 3. Nd2 Be7 4. Ngf3 Nf6 5. e5 Nfd7 6. Bd3 c5 7. c3 Nc6 8. O-O
g5 9. dxc5 Ndxe5 10. Nxe5 Nxe5 11. Bc2 Bxc5 12. Nb3 Be7 13. Qh5 Ng6 14. f4 Bd7
15. Be3 gxf4 16. Bxf4 Qb6+ 17. Kh1 O-O-O 18. Bg3 f5 19. Bf2 Qc7 20. Qe2 Rdg8
21. Qe3 b6 22. a4 f4 23. Qd3 Ne5 24. Qa6+ Kb8 25. a5 Qc4 26. Qxc4 Nxc4 27. axb6
axb6 28. Nd4 h5 29. b3 Nd6 30. Rfe1 Rh6 31. Nf3 Kb7 32. Ne5 Bb5 33. c4 dxc4 34.
bxc4 Bxc4 35. Nxc4 Nxc4 36. Be4+ Kc7 37. Ra7+ Kd6 38. Rd1+ Ke5 39. Bd3 Nb2 40.
Re1+ Kd6 41. Bb5 e5 42. Ra2 e4 43. Rxb2 e3 1/2-1/2

[Event "4NCL Division 3s"]
[Site "Daventry Court ENG"]
[Date "2015.02.14"]
[Round "5.147"]
[White "Chan, Nevil"]
[Black "Williamson, Kevin"]
[Result "1-0"]
[WhiteElo "2015"]
[BlackElo "1982"]
[PlyCount "89"]
[EventDate "2015.02.14"]
[WhiteTeam "Cambridge University 3"]
[BlackTeam "MK Phoenix 2"]

1. d4 Nf6 2. Nc3 d5 3. Bg5 e6 4. Nf3 h6 5. Bh4 Be7 6. e3 O-O 7. Bd3 c5 8. O-O
Nc6 9. Ne5 Nxe5 10. dxe5 Nd7 11. Bxe7 Qxe7 12. f4 f6 13. Qh5 c4 14. Bg6 Qc5 15.
Qh3 f5 16. Ne2 Nb8 17. Nd4 Nc6 18. c3 Bd7 19. g4 fxg4 20. Qxg4 Qe7 21. Bc2 Nxd4
22. exd4 Qf7 23. Bg6 Qe7 24. Bc2 Qf7 25. Rf2 Kh8 26. Raf1 Qg8 27. Rf3 Rae8 28.
Bg6 Rd8 29. Rh3 Be8 30. Bc2 Rd7 31. Rh4 Re7 32. Rf3 Bd7 33. Rfh3 Rf5 34. Bxf5
exf5 35. Qg6 Be6 36. Kf2 b5 37. Rxh6+ gxh6 38. Qf6+ Qg7 39. Rxh6+ Kg8 40. Rg6
Qxg6 41. Qxg6+ Kf8 42. h4 Bd7 43. h5 Rg7 44. Qf6+ Kg8 45. h6 1-0

[Event "4NCL Division 3s"]
[Site "Daventry Court ENG"]
[Date "2015.02.14"]
[Round "5.149"]
[White "Breed, Greg"]
[Black "Majer, Chris"]
[Result "1/2-1/2"]
[WhiteElo "1755"]
[BlackElo "1953"]
[PlyCount "79"]
[EventDate "2015.02.14"]
[WhiteTeam "Cambridge University 3"]
[BlackTeam "MK Phoenix 2"]

1. d4 Nf6 2. c4 c5 3. d5 b5 4. cxb5 a6 5. Nc3 g6 6. e4 d6 7. Nf3 Nbd7 8. bxa6
Bg7 9. Bb5 Bxa6 10. Bxa6 Rxa6 11. O-O O-O 12. Qe2 Qa8 13. Bg5 h6 14. Be3 Ng4
15. h3 Nxe3 16. Qxe3 Rb8 17. Rab1 Kh7 18. Nd2 Bxc3 19. Qxc3 Rxa2 20. b3 Qa5 21.
Qxa5 Rxa5 22. Ra1 Rxa1 23. Rxa1 Rb7 24. Rb1 Kg7 25. g4 Kf6 26. f4 Rb4 27. Kf2
Nb6 28. h4 e6 29. g5+ hxg5 30. hxg5+ Ke7 31. dxe6 fxe6 32. Rh1 Kf7 33. Rh7+ Kf8
34. Rb7 Nd5 35. Rxb4 Nxb4 36. Kg3 Kf7 37. Nc4 d5 38. Ne5+ Kg7 39. exd5 exd5 40.
Kf3 1/2-1/2

[Event "4NCL Division 3s"]
[Site "Daventry Court ENG"]
[Date "2015.02.14"]
[Round "5.150"]
[White "Shaw, John"]
[Black "Ivanov, Elizabeth"]
[Result "1-0"]
[WhiteElo "1727"]
[BlackElo "1541"]
[PlyCount "35"]
[EventDate "2015.02.14"]
[WhiteTeam "MK Phoenix 2"]
[BlackTeam "Cambridge University 3"]

1. d4 d5 2. c4 c6 3. Nf3 Nf6 4. Nc3 e6 5. e3 Bd6 6. Qc2 Nbd7 7. Bd3 e5 8. cxd5
cxd5 9. e4 exd4 10. Nxd5 Nxd5 11. exd5 Qa5+ 12. Bd2 Qxd5 13. O-O Nf6 14. Rfe1+
Be6 15. Qa4+ Nd7 16. Bc4 Qf5 17. Bxe6 fxe6 18. Nxd4 1-0

[Event "4NCL Division 3s"]
[Site "Daventry Court ENG"]
[Date "2015.02.14"]
[Round "5.155"]
[White "Chin, Francis CW"]
[Black "Bevan, Peter M"]
[Result "1-0"]
[WhiteElo "2146"]
[BlackElo "2025"]
[PlyCount "85"]
[EventDate "2015.02.14"]
[WhiteTeam "Hackney 2"]
[BlackTeam "Rhyfelwyr Essyllwg 2"]

1. d4 Nf6 2. Nf3 e6 3. c4 Bb4+ 4. Bd2 Bxd2+ 5. Qxd2 d5 6. Nc3 O-O 7. e3 Qe7 8.
Bd3 Rd8 9. Qe2 c5 10. O-O dxc4 11. Bxc4 Nc6 12. Rfd1 cxd4 13. Nxd4 Nxd4 14.
Rxd4 Bd7 15. Rad1 Bc6 16. Qd3 Rdc8 17. Qe2 a6 18. h3 b5 19. Bd3 e5 20. Rd6 e4
21. Bc2 Qe8 22. Qd2 Qe5 23. Bb3 a5 24. Rd4 h6 25. Nd5 Nd7 26. Bc2 f5 27. Nf4
Nc5 28. b3 Ne6 29. Nxe6 Qxe6 30. Rd6 Qe5 31. Qe2 Qb2 32. R1d2 Qa1+ 33. Bd1 Be8
34. g3 Qe5 35. R2d5 Qe7 36. Qd2 g6 37. Be2 Qb7 38. Kg2 Ra6 39. Rxa6 Qxa6 40. a4
Rb8 41. Qd4 Qa8 42. axb5 Bf7 43. Rd7 1-0

[Event "4NCL Division 3s"]
[Site "Daventry Court ENG"]
[Date "2015.02.14"]
[Round "5.156"]
[White "Van Kemenade, Rudy"]
[Black "Burgoyne, Peter"]
[Result "1-0"]
[WhiteElo "1981"]
[BlackElo "1762"]
[PlyCount "61"]
[EventDate "2015.02.14"]
[WhiteTeam "Rhyfelwyr Essyllwg 2"]
[BlackTeam "Hackney 2"]

1. e4 c5 2. Nf3 e6 3. d3 g6 4. g3 Bg7 5. Bg2 Ne7 6. O-O O-O 7. Re1 Nbc6 8. c3
d6 9. h4 e5 10. Nbd2 f5 11. Ng5 f4 12. Qb3+ d5 13. exd5 Na5 14. Qa3 fxg3 15.
fxg3 Nf5 16. Nde4 h6 17. Nh3 Nxh4 18. gxh4 Qxh4 19. Re3 Bxh3 20. Bxh3 b6 21.
Bd2 Rf4 22. Be1 Qh5 23. Bg3 Qxh3 24. Bxf4 Qg4+ 25. Bg3 h5 26. Qa4 Rf8 27. Qd1
Qh3 28. Ng5 Qd7 29. Rf3 Qxd5 30. Rxf8+ Kxf8 31. Qf3+ 1-0

[Event "4NCL Division 3s"]
[Site "Daventry Court ENG"]
[Date "2015.02.14"]
[Round "5.166"]
[White "Pink, Joshua"]
[Black "Shepherd, Paul D"]
[Result "1/2-1/2"]
[WhiteElo "1819"]
[BlackElo "2043"]
[PlyCount "175"]
[EventDate "2015.02.14"]
[WhiteTeam "Throw in the Tal"]
[BlackTeam "Surbiton 1"]

1. d4 d5 2. c4 e6 3. Nc3 c5 4. cxd5 exd5 5. e3 Nf6 6. Nf3 c4 7. Ne5 Qa5 8. Bd2
Be7 9. e4 Qb6 10. exd5 Qxd4 11. Nf3 Qb6 12. Bxc4 O-O 13. Qb3 Nbd7 14. Bf4 Bc5
15. O-O Qxb3 16. Bxb3 Nb6 17. Ne5 Bf5 18. Rad1 Rad8 19. Bg5 Be7 20. Be3 Bd6 21.
Nc4 Nxc4 22. Bxc4 a6 23. Bb6 Rc8 24. Bd3 Bd7 25. Ne4 Nxe4 26. Bxe4 Bb5 27. Bd3
Bxd3 28. Rxd3 Rc2 29. Bd4 Re8 30. g3 h5 31. Kg2 g5 32. Rfd1 Ree2 33. Rf3 Rcd2
34. Rd3 Rc2 35. Rc3 Rxc3 36. Bxc3 Kf8 37. Kf3 Rc2 38. Rd2 Rc1 39. Re2 Rd1 40.
Ke4 Ke7 41. Kf5+ Kd7 42. Rd2 Rh1 43. f3 h4 44. gxh4 gxh4 45. f4 Rf1 46. Be5
Bxe5 47. Kxe5 h3 48. Rd3 Rf2 49. Rxh3 Rxb2 50. Rb3 Re2+ 51. Kf6 b5 52. Ra3 Rxh2
53. Kxf7 Rf2 54. Kf6 Rxf4+ 55. Ke5 Rf1 56. Rxa6 Re1+ 57. Kd4 Rc1 58. Ra3 Kd6
59. Ra6+ Kd7 60. a3 Kc7 61. Ke5 Re1+ 62. Kf6 Kd7 63. Kf5 Rd1 64. Ke5 Re1+ 65.
Kd4 Rc1 66. Ra5 Rc4+ 67. Ke5 Rc3 68. Ra7+ Kc8 69. Kd6 Rh3 70. Kc6 Kb8 71. Ra5
Rc3+ 72. Kxb5 Kc7 73. Ra6 Rb3+ 74. Kc4 Rb1 75. Kd4 Rd1+ 76. Ke5 Re1+ 77. Kd4
Rd1+ 78. Kc5 Rc1+ 79. Kb5 Rb1+ 80. Ka4 Rd1 81. Ra5 Rd4+ 82. Kb3 Kd6 83. Ra8
Rxd5 84. Rc8 Rc5 85. Rh8 Kc7 86. Kb4 Rg5 87. Rh4 Kb7 88. a4 1/2-1/2

[Event "4NCL Division 3s"]
[Site "Daventry Court ENG"]
[Date "2015.02.14"]
[Round "5.167"]
[White "Henderson, Ian R"]
[Black "Goodwin, Ed H"]
[Result "1-0"]
[WhiteElo "2052"]
[BlackElo "1820"]
[PlyCount "73"]
[EventDate "2015.02.14"]
[WhiteTeam "Surbiton 1"]
[BlackTeam "Throw in the Tal"]

1. d4 e6 2. c4 f5 3. Nf3 Nf6 4. g3 Be7 5. Bg2 O-O 6. O-O d6 7. Nc3 Qe8 8. b4 e5
9. dxe5 dxe5 10. Nxe5 Bxb4 11. Qb3 Qxe5 12. Qxb4 Na6 13. Qa3 Re8 14. Bf4 Qe7
15. Qxe7 Rxe7 16. Rfd1 c6 17. Rd8+ Re8 18. Rxe8+ Nxe8 19. Rb1 Nc5 20. Be3 Ne6
21. Rd1 Nf6 22. Bc1 Bd7 23. e4 fxe4 24. Nxe4 Nxe4 25. Rxd7 N4c5 26. Rd1 Kf7 27.
f4 g6 28. Kf2 Re8 29. Bb2 Rd8 30. Rxd8 Nxd8 31. Ke3 Nde6 32. Bf3 b5 33. Bxc6
bxc4 34. Bd5 Na4 35. Bd4 Ke7 36. Bxa7 c3 37. Kd3 1-0

[Event "4NCL Division 3s"]
[Site "Daventry Court ENG"]
[Date "2015.02.14"]
[Round "5.169"]
[White "Faulks, Nick W"]
[Black "Weaver, Simon"]
[Result "1-0"]
[WhiteElo "2072"]
[BlackElo "1623"]
[PlyCount "101"]
[EventDate "2015.02.14"]
[WhiteTeam "Surbiton 1"]
[BlackTeam "Throw in the Tal"]

1. e4 c6 2. c4 e6 3. Nf3 d5 4. cxd5 exd5 5. d4 Nf6 6. Nc3 Be7 7. Bd3 O-O 8. O-O
Bg4 9. Re1 Re8 10. Bf4 Nbd7 11. exd5 Nxd5 12. Nxd5 cxd5 13. h3 Bh5 14. Rc1 Bb4
15. Rxe8+ Qxe8 16. Qb3 Bxf3 17. Qxb4 Bh5 18. Qxb7 Nf6 19. Bb5 Qd8 20. Rc5 Bg6
21. Be5 h6 22. Bxf6 gxf6 23. Rxd5 Qc8 24. Qxc8+ Rxc8 25. Rc5 Rd8 26. d5 Be4 27.
Bc4 Kf8 28. f3 Bf5 29. Rc7 a5 30. Ra7 Rc8 31. b3 Rc5 32. d6 Be6 33. Ra8+ Rc8
34. Rxc8+ Bxc8 35. Bb5 Be6 36. Kf2 f5 37. Ke3 f6 38. Kd4 Kf7 39. Kc5 f4 40. Kb6
a4 41. Bc4 axb3 42. axb3 Bxc4 43. bxc4 Ke6 44. Kc7 f5 45. d7 h5 46. d8=Q h4 47.
Qd6+ Kf7 48. Kd7 Kg7 49. Ke7 Kh7 50. Kf7 Kh8 51. Qh6# 1-0

[Event "4NCL Division 3s"]
[Site "Daventry Court ENG"]
[Date "2015.02.14"]
[Round "5.170"]
[White "Harris, John"]
[Black "Kennedy, Craig"]
[Result "1-0"]
[WhiteElo "1424"]
[BlackElo "1903"]
[PlyCount "54"]
[EventDate "2015.02.14"]
[WhiteTeam "Throw in the Tal"]
[BlackTeam "Surbiton 1"]

1. e4 e6 2. d4 d5 3. Nc3 Nf6 4. Bg5 Bb4 5. e5 h6 6. Bd2 Bxc3 7. bxc3 Ne4 8. Qg4
g6 9. Bd3 Nxd2 10. Kxd2 c5 11. h4 Nc6 12. Nf3 Bd7 13. Rhb1 c4 14. Bxg6 Rg8 15.
Bxf7+ Kxf7 16. Qf4+ Kg7 17. Rxb7 Na5 18. Qf6+ Kh7 19. Qxd8 Rgxd8 20. Rc7 Kg8
21. g4 Rf8 22. Ke3 Ba4 23. g5 Bxc2 24. gxh6 Rf7 25. Rg1+ Kf8 26. Ng5 Re7 27. h7
Bxh7 1-0

[Event "4NCL Division 3s"]
[Site "Daventry Court ENG"]
[Date "2015.02.14"]
[Round "5.176"]
[White "Szymanski, Mark"]
[Black "Terry, Sean"]
[Result "0-1"]
[WhiteElo "1821"]
[BlackElo "1920"]
[PlyCount "108"]
[EventDate "2015.02.14"]
[WhiteTeam "Iceni 2"]
[BlackTeam "Oxford 3"]

1. c4 e5 2. g3 Nc6 3. Nc3 f5 4. Nf3 Bc5 5. e3 e4 6. Nh4 Qg5 7. d4 Bb4 8. Bd2
Bxc3 9. Bxc3 d6 10. Be2 Nf6 11. Ng2 Ne7 12. Nf4 Qh6 13. d5 O-O 14. h4 Ng6 15.
Qb3 Ne5 16. O-O-O Nfg4 17. Bxg4 Nxg4 18. Rd2 b6 19. Qb5 Ne5 20. Bxe5 dxe5 21.
Nh3 Qd6 22. Rhd1 Bd7 23. Qb3 b5 24. Ng5 bxc4 25. Qxc4 Rfb8 26. Ne6 Rb4 27. Qc5
Rb5 28. Qxd6 cxd6 29. Rc2 Rc8 30. Rxc8+ Bxc8 31. Nd8 Rc5+ 32. Kb1 Ba6 33. b4
Rc7 34. Kb2 Bd3 35. Rd2 a6 36. a4 h6 37. Nc6 Kf7 38. Rd1 Kg6 39. Rc1 Kf6 40.
Nd8 Rxc1 41. Kxc1 Bc4 42. Nc6 Bxd5 43. Nb8 Bc4 44. Nd7+ Ke7 45. Nb6 Be6 46. Kc2
d5 47. Kc3 Kd6 48. a5 g5 49. Na4 Bd7 50. Nc5 Bb5 51. Nb7+ Ke7 52. Nc5 f4 53.
Nb7 d4+ 54. exd4 e3 0-1

[Event "4NCL Division 3s"]
[Site "Daventry Court ENG"]
[Date "2015.02.14"]
[Round "5.177"]
[White "Neatherway, A Philip"]
[Black "Donaghay, Richard H"]
[Result "1/2-1/2"]
[WhiteElo "1879"]
[BlackElo "1941"]
[PlyCount "67"]
[EventDate "2015.02.14"]
[WhiteTeam "Oxford 3"]
[BlackTeam "Iceni 2"]

1. e4 d5 2. exd5 Nf6 3. d4 Nxd5 4. c4 Nf6 5. Nf3 Bf5 6. Nc3 g6 7. Be2 Bg7 8.
O-O O-O 9. Bf4 c6 10. Qd2 Na6 11. Rad1 Nc7 12. a3 Ne6 13. Be5 Ne4 14. Nxe4 Bxe4
15. Qe3 Bxf3 16. Bxf3 Bxe5 17. Qxe5 Qc7 18. Qxc7 Nxc7 19. d5 cxd5 20. cxd5 Nb5
21. Rfe1 Rfe8 22. Rc1 Kf8 23. Rc5 Nd6 24. Rec1 Rac8 25. b4 Red8 26. Bd1 a6 27.
a4 b6 28. Rc6 b5 29. axb5 axb5 30. Be2 Rb8 31. R6c5 Ke8 32. Ra1 Rb7 33. Ra5
Rdb8 34. Bd3 1/2-1/2

[Event "4NCL Division 3s"]
[Site "Daventry Court ENG"]
[Date "2015.02.14"]
[Round "5.99"]
[White "James, Angus S"]
[Black "Savage, Nicholas W"]
[Result "1/2-1/2"]
[WhiteElo "1948"]
[BlackElo "1996"]
[PlyCount "71"]
[EventDate "2015.02.14"]

1. e4 c5 2. Nf3 Nc6 3. Bb5 d6 4. c3 Nf6 5. Qe2 Bd7 6. O-O g6 7. Rd1 Bg7 8. d4
cxd4 9. cxd4 d5 10. e5 Ne4 11. Ne1 f6 12. f3 Ng5 13. Nc3 Bc8 14. f4 Nf7 15. Be3
O-O 16. Rac1 Nb8 17. Nd3 f5 18. Ba4 e6 19. Nb5 Nc6 20. Na3 Ne7 21. Rc3 h6 22.
Rdc1 g5 23. g3 Kh7 24. Kh1 g4 25. h3 gxh3 26. Qh5 b6 27. Qxh3 Bd7 28. Bxd7 Qxd7
29. Rc7 Qe8 30. Bd2 Nd8 31. Bb4 Rf7 32. Bd6 Nec6 33. Nb5 a6 34. Rxf7 Qxf7 35.
Na3 Bf8 36. Bxf8 1/2-1/2

[Event "4NCL Division 3s"]
[Site "Daventry Court ENG"]
[Date "2015.02.14"]
[Round "5.99"]
[White "Botham, C Paul"]
[Black "Fenwick, Hugh F"]
[Result "1/2-1/2"]
[WhiteElo "2015"]
[BlackElo "1887"]
[PlyCount "99"]
[EventDate "2015.02.14"]

1. c4 e6 2. Nc3 f5 3. Nf3 Nf6 4. g3 Bb4 5. Qc2 O-O 6. Bg2 Nc6 7. a3 Bxc3 8.
bxc3 d6 9. O-O Bd7 10. Rb1 Rb8 11. Nd4 Na5 12. d3 e5 13. Nf3 Qe8 14. Re1 e4 15.
Ng5 exd3 16. Qxd3 Nc6 17. Bd5+ Kh8 18. e3 Qh5 19. f4 h6 20. Ne6 Bxe6 21. Bxe6
Ng4 22. Rb2 Na5 23. Bd5 Nb3 24. Qd1 Nc5 25. Bf3 Rbe8 26. Rg2 Ne4 27. Qb3 Qf7
28. Qxb7 Qxc4 29. Bxe4 Rxe4 30. Qxa7 Qxc3 31. Bd2 Qd3 32. h3 Nf6 33. Qxc7 Qxa3
34. Qc3 Qa6 35. Ra1 Qb7 36. Qd3 Rfe8 37. Re2 Qe7 38. Rae1 Qe6 39. Bc3 Qb3 40.
Qd2 Nd5 41. Bd4 Nb4 42. Rd1 Nc6 43. Bc3 d5 44. Qc2 Qb5 45. Qb2 Qxb2 46. Bxb2 d4
47. Kf2 dxe3+ 48. Kf3 Na5 49. Rd3 Nc4 50. Bc1 1/2-1/2

[Event "4NCL Division 3s"]
[Site "Daventry Court ENG"]
[Date "2015.02.14"]
[Round "5.99"]
[White "Alcock, Graham P"]
[Black "Peters, John A"]
[Result "1/2-1/2"]
[WhiteElo "1727"]
[BlackElo "1963"]
[PlyCount "31"]
[EventDate "2015.02.14"]

1. e4 Nf6 2. Nc3 d5 3. e5 d4 4. exf6 dxc3 5. fxg7 cxd2+ 6. Qxd2 Qxd2+ 7. Bxd2
Bxg7 8. O-O-O Be6 9. a3 Nd7 10. Ne2 O-O-O 11. Bc3 Bh6+ 12. Bd2 Bxd2+ 13. Rxd2
Nc5 14. Rxd8+ Rxd8 15. Nc3 Bf5 16. Bc4 1/2-1/2

[Event "4NCL Division 3s"]
[Site "Daventry Court ENG"]
[Date "2015.02.14"]
[Round "5.99"]
[White "Davison, Chris"]
[Black "Durrant, Paul EO"]
[Result "1-0"]
[WhiteElo "1898"]
[BlackElo "1541"]
[PlyCount "51"]
[EventDate "2015.02.14"]

1. d4 c5 2. e3 e6 3. Nf3 Nf6 4. Bd3 d5 5. b3 Nc6 6. a3 Be7 7. Bb2 O-O 8. O-O a6
9. Nbd2 Nd7 10. c4 Bf6 11. Qc2 g6 12. Rac1 cxd4 13. exd4 Re8 14. Rfe1 Bg7 15.
Re2 dxc4 16. bxc4 Nb6 17. Nb3 Rb8 18. Rce1 Bd7 19. Nc5 Ne7 20. Ne5 Bc6 21. Nxf7
Kxf7 22. Nxe6 Qd7 23. Nxg7 Ba4 24. Qd2 Kxg7 25. d5+ Kg8 26. Qc3 1-0

[Event "4NCL Division 3s"]
[Site "Daventry Court ENG"]
[Date "2015.02.14"]
[Round "5.99"]
[White "Saravanan, Karthik"]
[Black "Adams, Mark"]
[Result "0-1"]
[WhiteElo "1528"]
[BlackElo "1995"]
[PlyCount "58"]
[EventDate "2015.02.14"]

1. e4 c5 2. Nf3 a6 3. d3 Nc6 4. Nbd2 d6 5. g3 g6 6. Bg2 Bg7 7. O-O e5 8. Nc4
Nge7 9. Be3 b5 10. Ncd2 O-O 11. Nh4 Rb8 12. c3 Be6 13. f4 exf4 14. Bxf4 b4 15.
Rc1 Qd7 16. Nhf3 Rb6 17. Ng5 Bg4 18. Qc2 h6 19. Nc4 hxg5 20. Nxb6 Qb7 21. Bxd6
Qxb6 22. Qf2 Qb5 23. Bxc5 bxc3 24. bxc3 Qxd3 25. e5 Be6 26. Bxc6 Nxc6 27. Bxf8
Bxf8 28. Qf3 Bc5+ 29. Rf2 Qxf3 0-1

[Event "4NCL Division 3s"]
[Site "Daventry Court ENG"]
[Date "2015.02.14"]
[Round "5.99"]
[White "Davies, Peter"]
[Black "Badger, Paul E R"]
[Result "1-0"]
[WhiteElo "1960"]
[BlackElo "1870"]
[PlyCount "75"]
[EventDate "2015.02.14"]

1. e4 c5 2. c3 d5 3. exd5 Qxd5 4. d4 Nf6 5. Nf3 Bg4 6. Be2 Nc6 7. c4 Qd7 8. d5
Bxf3 9. Bxf3 Nd4 10. O-O g6 11. Be3 Nxf3+ 12. Qxf3 Bg7 13. Nc3 O-O 14. Rad1 b6
15. d6 exd6 16. h3 Rad8 17. Bg5 Qf5 18. Qxf5 gxf5 19. Nd5 Ne4 20. Bxd8 Rxd8 21.
Ne7+ Kf8 22. Nxf5 Bxb2 23. Rfe1 Nf6 24. Re2 Bc3 25. Rd3 Ba1 26. Rxd6 Rxd6 27.
Nxd6 Bd4 28. g4 Bc3 29. Kg2 Ba1 30. f4 Bc3 31. Kf3 a6 32. g5 Nd7 33. Re8+ Kg7
34. Re7 Nf8 35. f5 Kg8 36. Nxf7 Bg7 37. Nh6+ Kh8 38. Ke4 1-0

[Event "4NCL Division 3s"]
[Site "Daventry Court ENG"]
[Date "2015.02.14"]
[Round "5.99"]
[White "Van der Veen, Ailko"]
[Black "Dixon, Chris"]
[Result "0-1"]
[WhiteElo "1695"]
[BlackElo "1824"]
[PlyCount "108"]
[EventDate "2015.02.14"]

1. d4 Nf6 2. c4 g6 3. Nc3 Bg7 4. Nf3 O-O 5. Bf4 d6 6. e3 Nbd7 7. Bd3 c6 8. Qc2
Qe8 9. O-O-O a6 10. h4 h5 11. d5 Nc5 12. Ng5 Nxd3+ 13. Qxd3 cxd5 14. Nxd5 Nxd5
15. Qxd5 Qa4 16. Kb1 Qb4 17. Rd2 Bd7 18. Rhd1 Ba4 19. Rc1 Rac8 20. e4 Rc5 21.
Qd3 Rfc8 22. b3 b5 23. Rdc2 bxc4 24. Rxc4 Rxc4 25. Rxc4 Rxc4 26. Qxc4 Qxc4 27.
bxc4 Bd4 28. Bg3 Bd1 29. f4 Be2 30. e5 dxe5 31. fxe5 Bxc4 32. Nf3 Bc5 33. Bf4
f6 34. exf6 exf6 35. Nd2 Bd5 36. g3 Kf7 37. Nb3 Bf2 38. Nc1 Ke6 39. Nd3 Be4 40.
Kc2 Kf5 41. Kd2 Bxd3 42. Kxd3 Kg4 43. Kc4 Bxg3 44. Be3 Kxh4 45. Kc5 Kh3 46. Kb6
Kg2 47. Kxa6 h4 48. a4 h3 49. Kb7 h2 50. a5 h1=Q 51. a6 Kh3+ 52. Ka7 Qc6 53.
Bd2 Bf2+ 54. Kb8 Qxa6 0-1

[Event "4NCL Division 3s"]
[Site "Daventry Court ENG"]
[Date "2015.02.14"]
[Round "5.99"]
[White "Portman, Carl"]
[Black "Mercs, Peter"]
[Result "0-1"]
[WhiteElo "1981"]
[BlackElo "2066"]
[PlyCount "36"]
[EventDate "2015.02.14"]

1. d4 Nf6 2. Nf3 e6 3. e3 c5 4. c3 b6 5. Bd3 Bb7 6. Nbd2 d6 7. O-O Nbd7 8. Re1
Be7 9. Qe2 e5 10. e4 cxd4 11. cxd4 O-O 12. b3 exd4 13. Nxd4 g6 14. f3 Nh5 15.
g3 d5 16. Bb2 Bc5 17. Kg2 Qg5 18. exd5 Nf4+ 0-1

[Event "4NCL Division 3s"]
[Site "Daventry Court ENG"]
[Date "2015.02.14"]
[Round "5.99"]
[White "Combie, Alex B"]
[Black "Jackson, Gary C"]
[Result "1-0"]
[WhiteElo "2043"]
[BlackElo "1854"]
[PlyCount "45"]
[EventDate "2015.02.14"]

1. d4 d5 2. c4 c6 3. Nf3 Bf5 4. cxd5 cxd5 5. Qb3 Qc8 6. Nc3 e6 7. Bf4 Nc6 8.
Nb5 Bb4+ 9. Kd1 Kf8 10. Rc1 Nge7 11. a3 Ba5 12. Nd6 Qd7 13. Nxb7 Bb6 14. Nc5
Bxc5 15. Rxc5 f6 16. e3 g5 17. Bg3 Be4 18. Bb5 Rc8 19. Qa4 Kf7 20. Kd2 Qb7 21.
b4 Nb8 22. Rhc1 Nf5 23. Rc7+ 1-0

[Event "4NCL Division 3s"]
[Site "Daventry Court ENG"]
[Date "2015.02.14"]
[Round "5.99"]
[White "Price, Andrew"]
[Black "Walker, Andrew"]
[Result "0-1"]
[WhiteElo "1826"]
[BlackElo "2090"]
[PlyCount "74"]
[EventDate "2015.02.14"]

1. d4 f5 2. c4 Nf6 3. Nc3 e6 4. Nf3 Be7 5. Bf4 O-O 6. e3 b6 7. Rc1 Bb7 8. Be2
Ne4 9. O-O g5 10. Bg3 f4 11. Nxe4 Bxe4 12. Nd2 Bg6 13. exf4 gxf4 14. Rc3 fxg3
15. Rxg3 Bd6 16. Rh3 Nc6 17. Nf3 Qf6 18. b3 e5 19. d5 Nd4 20. Nxd4 exd4 21. Bg4
Qg7 22. Be2 Rf7 23. Bd3 Raf8 24. Rh4 Rf4 25. Rh3 Bxd3 26. Rxd3 Kh8 27. g3 Rg4
28. Kh1 c5 29. f4 Rg6 30. f5 Rg5 31. Rdf3 Qe5 32. Qd3 Re8 33. f6 Rf8 34. Rf4
Rg6 35. Re4 Rgxf6 36. Rxe5 Rxf1+ 37. Kg2 R1f2+ 0-1

[Event "4NCL Division 3s"]
[Site "Daventry Court ENG"]
[Date "2015.02.14"]
[Round "5.99"]
[White "Jarvis, Derek"]
[Black "Evans, Chris John"]
[Result "1-0"]
[WhiteElo "1901"]
[BlackElo "1830"]
[PlyCount "131"]
[EventDate "2015.02.14"]

1. e4 c5 2. Nf3 d6 3. Bb5+ Bd7 4. c4 a6 5. Bxd7+ Nxd7 6. Nc3 Ngf6 7. O-O g6 8.
d4 cxd4 9. Nxd4 Bg7 10. Be3 Rc8 11. Qe2 Ne5 12. f3 Nxc4 13. Bf2 O-O 14. Rac1
Ne5 15. Rfd1 Re8 16. a4 Nc6 17. Nxc6 Rxc6 18. e5 Nd7 19. e6 Nf6 20. exf7+ Kxf7
21. Ne4 Nxe4 22. Qxe4 Rxc1 23. Rxc1 Qd7 24. Qc4+ e6 25. b4 d5 26. Qf4+ Kg8 27.
Rc7 e5 28. Qxe5 Bxe5 29. Rxd7 Rc8 30. Bc5 d4 31. a5 Bf6 32. Kf1 Rd8 33. Rxd8+
Bxd8 34. Bxd4 Be7 35. Bc3 Kf7 36. Ke2 Ke6 37. Kd3 Kd5 38. f4 Bd6 39. Bd2 h5 40.
g3 Be7 41. h3 Bd6 42. g4 hxg4 43. hxg4 Be7 44. Ke3 Bd6 45. Kf3 Bf8 46. f5 gxf5
47. gxf5 Ke5 48. Kg4 Kf6 49. Bc3+ Kf7 50. Kf4 Bh6+ 51. Ke4 Bf8 52. Kd5 Be7 53.
Kc4 Ke8 54. Bd4 Kf7 55. b5 Bd8 56. b6 Be7 57. Bc3 Bf8 58. Bb4 Bh6 59. Kd5 Kf6
60. Bc3+ Ke7 61. f6+ Kd7 62. Ke5 Bf8 63. Kf5 Bc5 64. Kg6 Ke8 65. Kg7 Bf8+ 66.
Kg8 1-0

[Event "4NCL Division 3s"]
[Site "Daventry Court ENG"]
[Date "2015.02.14"]
[Round "5.99"]
[White "Rowan, Daniel"]
[Black "Taylor, Bob"]
[Result "0-1"]
[WhiteElo "1777"]
[BlackElo "1910"]
[PlyCount "60"]
[EventDate "2015.02.14"]

1. d4 d5 2. Bg5 c6 3. Nf3 Bf5 4. e3 Qb6 5. Qc1 Nd7 6. c4 dxc4 7. Bxc4 Ngf6 8.
Nc3 e6 9. O-O Be7 10. Re1 Qb4 11. Nd2 h6 12. a3 Qa5 13. b4 Qd8 14. Bxf6 Bxf6
15. Nce4 Be7 16. Qb2 O-O 17. a4 Nb6 18. Be2 Nd5 19. b5 cxb5 20. axb5 Bb4 21.
Nc5 Bc3 22. Qb3 Bxa1 23. Rxa1 b6 24. e4 bxc5 25. dxc5 Nf4 26. Bf3 Qxd2 27. exf5
Nd3 28. Bxa8 Qxf2+ 29. Kh1 Ne1 30. Qc4 Rxa8 0-1

[Event "4NCL Division 3s"]
[Site "Daventry Court ENG"]
[Date "2015.02.14"]
[Round "5.99"]
[White "Buttell, David"]
[Black "Manelidou, Maria"]
[Result "1/2-1/2"]
[WhiteElo "1793"]
[BlackElo "2067"]
[PlyCount "46"]
[EventDate "2015.02.14"]

1. d4 d5 2. c4 c6 3. Nf3 Nf6 4. Nc3 e6 5. cxd5 cxd5 6. e3 Nc6 7. a3 Bd6 8. Bd3
a6 9. O-O O-O 10. e4 dxe4 11. Nxe4 Be7 12. Be3 Nd5 13. Qc2 f5 14. Nc3 Qd6 15.
Nxd5 exd5 16. g3 f4 17. Bxh7+ Kh8 18. gxf4 Bh3 19. Ne5 Nxe5 20. fxe5 Qe6 21.
Qg6 Qxg6+ 22. Bxg6 Bxf1 23. Rxf1 Rac8 1/2-1/2